| 000 | 00808cam a22002171a 4500 | ||
|---|---|---|---|
| 001 | af 47005991 | ||
| 003 | DLC | ||
| 005 | 20260227110835.0 | ||
| 008 | 880812s1943 gw acf 000 0 ger c | ||
| 010 | _aaf 47005991 | ||
| 035 | _a(OCoLC)18345318 | ||
| 040 |
_aIllinois Univ. Library _cNcD _dNcD _dDLC |
||
| 050 | 0 | 0 |
_aD811 _b.S325 |
| 100 | 1 | _aSchaeppi, Benno H. | |
| 245 | 1 | 0 |
_aGermanische Freiwillige im Osten / _cvon Benno H. Schaeppi ; mit einem Geleitwort des Stabsführers der Germanischen Leitstelle. |
| 260 |
_aNürnberg : _bF. Willmy, _c1943. |
||
| 300 |
_a75 p., [24] p. of plates : _bill., ports. ; _c25 cm. |
||
| 440 | 0 | _aKriegseinsatz der Vergündeten Grossdeutschlands | |
| 650 | 0 |
_aWorld War, 1939-1945 _xPersonal narratives, German. |
|
| 650 | 0 |
_aWorld War, 1939-1945 _xCampaigns _zEastern Front. |
|
| 999 |
_c3374 _d3374 |
||